000 01102cam a22002054a 4500
005 20250605164146.0
008 250528s ||||||||||||||||||||||||d
035 _a19178
020 _a33519544
040 _aGR-AtMCL
_bgre
_dGR-AtMCL
_eAACR2
245 1 _aHealth Psychology / A Textbook
250 _a1st
260 _bOpen University Press,
_c1996
300 _a336
520 _aA comprehensive overview of psychological knowledge in relation to health and illness. Acknowledgements, An Introduction to Health Psychology, Health Beliefs, Illness Cognitions, Doctor-Patient Communication and the Role of Health Professionals' Health Beliefs, Smoking and Alcohol Use, Obesity and Eating Behavior, Exercise, Sex, Screening, Stress, Pain, The Interrelationship Between Beliefs and Behavior and Health - The Example of Placebos, Psychology Throughout the Course of Illness: The Examples of HIV and Cancer and Coronary Heart Disease, Changing the Subject of Health Psychology, Glossary, References, Index.
700 1 _aOgden Jane
_95420
942 _cBK
999 _c4451
_d4451